Growing Cities in Jamaica - Statistics

General Stats
  • This quiz has been taken 10 times
  • The average score is 3 of 5
Answer Stats
Population Population Gained City % Correct
584,627 5,490 Kingston
100%
110,115 13,638 Montego Bay
78%
147,152 15,637 Spanish Town
56%
28,912 5,089 Old Harbour
44%
182,153 25,684 Portmore
44%
No matching quizzes found
Score Distribution
Percent of People with Each Score
Percentile by Number Answered
Your Score History
You have not taken this quiz